| 000 | 00461nam a2200181Ia 4500 | ||
|---|---|---|---|
| 001 | 43426 | ||
| 008 | 140425s9999 xx 000 0 und d | ||
| 020 | _aNA | ||
| 040 | _cPK-LaUMT | ||
| 082 |
_aRHC 891.555 _bALT-U |
||
| 100 | _aAltaf Hussain Hali | ||
| 245 |
_aUsool-e-faarsi (Urdu+Persian) _cAltaf Hussain Hali |
||
| 260 |
_aLahore,Pakistan: _bMajlas-e-Taraqi Adab, _c2009 |
||
| 300 | _a261 p. | ||
| 546 | _aUR | ||
| 650 | _aPersian grammar | ||
| 942 | _cBK | ||
| 999 |
_c41436 _d41436 |
||